| 000 | 00633nam a2200181 i 4500 | ||
|---|---|---|---|
| 001 | 61147 | ||
| 003 | ES-MaACL | ||
| 005 | 20230906164401.0 | ||
| 007 | t| | ||
| 008 | 031110s1944 sz ||||1| spa d | ||
| 100 | 1 |
_aEtter, Philipp. _948295 |
|
| 245 | 1 | 0 |
_aSignificado y misión de Suiza / _cPhilipp Etter ; introducción y versión española de Arnald Steiger y Pedro de Bustinduy. |
| 260 |
_aNeuchâtel : _bLa Baconnière, _c[1944] ( _eGinebra : _fTalleres de Albert Ruding) |
||
| 300 |
_a205 p. ; _c20 cm. |
||
| 700 | 1 |
_aSteiger, Arnald. _9108017 |
|
| 700 | 1 |
_aBustinduy, Pedro de. _932904 |
|
| 852 |
_aES-MaACL _jF-16358 _bR.21434 |
||
| 999 |
_c61147 _d61147 |
||